| 000 | 00623nam a2200217 a 4500 | ||
|---|---|---|---|
| 001 | 0001-2170 | ||
| 003 | ELIB.Books | ||
| 008 | 190802 2010 eng | ||
| 020 | _a080461981 | ||
| 092 |
_a268.435 _bSea |
||
| 100 | _aSears, William. | ||
| 245 | _aThe Complete Book of Christian parenting And Child Care | ||
| 260 |
_aNashville _bBroadman & Holman Publishers _c1997 |
||
| 300 |
_a427 _c28.5cm |
||
| 650 | _aFamily-Christian Education | ||
| 856 |
_nKBTS Library _uKBTS Elib |
||
| 942 |
_2ddc _cBK |
||
| 990 | _a3 | ||
| 998 |
_aEnglishbooks.elf _ccat _e2019-08-02 _mcat _u2019-08-09 |
||
| 999 |
_c12170 _d12170 |
||